00318nam a2200133Ia 4500008004100000020001800041082000800059100001000067245001500077260004600092300001400138942001700152999001500169250813s9999 xx 000 0 und d a9866218585354 aYAS aYasma 0aEmahloogu  aMale MaldivesbDhagatha Publishers c2013 a124p.20cm iYAScTN6YAS c4598d4598